000 00543nam a2200109Ia 4500
008 171212s9999 xx 000 0 und d
100 _aWatkins, Katherine E.;Burnam, M. Audrey;Okeke, Edward N.;Setodji, Claude Messan
245 _cWatkins, Katherine E.;Burnam, M. Audrey;Okeke, Edward N.;Setodji, Claude Messan
_aEvaluating the Impact of Prevention and Early Intervention Activities on the Mental Health of California’s Population
260 _bRAND Corporation
_c2012
650 _aHistory
856 _uwww.jstor.org/stable/10.7249/j.ctt3fh03j
999 _c352030
_d352030